000 01310nam a22003617a 4500
003 CHAP
005 20220329141004.0
008 971013s1996 r 00010 d
010 _a60966
011 _a61938
035 _a66110
040 _cCHAP
090 _aTesis
100 0 0 _aHerrera Durán, José Luis.
_954864
245 _aRentabilidad de la ganadería lechera semiespecializada de la zona oriente del Estado de México
260 _aChapingo, Méx. :
_bEl autor,
_c1996
300 _a105 p.
502 _aTesis (Ing. Agr. Esp. en Economía Agrícola) -- UACH. Departamento de Economía Agrícola
590 _aALEPH
_b10
_c20130110
_lUCH01
_h1340
590 _aBATCH-UPD
_b10
_c20130110
_lUCH01
_h1229
590 _aBATCH-UPD
_b10
_c20130410
_lUCH01
_h0800
590 _aBATCH-UPD
_b10
_c20130914
_lUCH01
_h1517
590 _aCONVERSION
_b10
_c20130109
_lUCH01
_h1333
650 1 4 _aGanado lechero
_xAspectos económicos.
_945243
650 1 4 _aGanado lechero
_xProducción.
_945288
650 1 4 _aGanado lechero
_zMéxico (Edo.).
_945314
650 1 4 _aLeche
_xProducción.
_965400
901 _aBK
942 _cFOLL
949 _bBC
_cTES
_d-151240
_eTS1
_h29183
_i66110
_si
949 _bBC
_cTES
_d33724000602942
_eTS2
_fc.2
_h29184
_i66110
_si
949 _bBC
_cTES
_d33724000752077
_eTS2
_fc.3
_h35508
_i66110
_si
999 _c60966
_d60966